000 01705nam a2200313 4500
003 EC-UNACH
005 20251117145622.0
006 s||||gr|||| 00| 00
008 150116t9999 mx r gr 000 0 spa d
020 _aS/N
040 _aEC-UNACH
_cEC-UNACH
041 _aspa
082 0 4 _223
_a345
_bL018325
110 _aIndugraf
245 _aAnálisis jurídico teórico practico del código orgánico integral penal
250 _aPrimera edición
264 _aEcuador
_bIndugraf
_c2014
300 _a333
505 _aTexto de la exposición de motivos del COIP - Análisis jurídico de la exposición de motivos del COIP - Texto del considerando del COIP - Normativa constitucional sobre la dignidad humana - Gratinas y principios rectores del proceso penal - Que son los principios - El derecho por principios - Que y cuales son los principios procesales - Significado del COIP - Que es interpretar - Reseña histórica del principio de presunción de inocencia - Normativa en tratados internacionales - Que es presunción - Que clase de presunción es la de inocencia - Análisis sobre la pena - El recurso de hecho en el COIP - Normativa constitucional - Normativa sustantiva -Que es impugnar - Concepto de recurso de hecho - Sanciones a las y los jueces - La defensa técnica y la responsabilidad del abogado y abogada. Que son los principios.
650 _aQUE SON LOS PRINCIPIOS
650 _aTRAMITE DE RECURSO DE HECHO
650 _aANALISIS SOBRE LA NORMA JURIDICA
700 _aDr José Carlos García Falconi
942 _2ddc
_c1
999 _c14194